Deutsch <Ein> Lehrbuch für Ausländer

Enregistré dans:
Détails bibliographiques
Format: Livre
Langue:allemand
Publié: Leipzig Enzyklopädie 1984
Édition:6. unveränd. Aufl.
Tags: Ajouter un tag
Pas de tags, Soyez le premier à ajouter un tag!

MARC

LEADER 00000nam a2200000 4500
001 c108415
005 20260129131543.7
041 0 |a ger 
044 |a DE 
245 1 0 |a Deutsch  |b <Ein> Lehrbuch für Ausländer 
250 |a 6. unveränd. Aufl. 
264 1 |a Leipzig  |b Enzyklopädie  |c 1984 
300 |a 272 s.